Test banks for Stewarts calculus Early transcendental sixth edition

Bibliographic Details
Main Author: Harmon, William Steven
Format: Section = Libro
Language:Undetermined
Spanish
Published: Boston Thomson 2008
Subjects:
LEADER 00561nam a2200205Ia 4500
008 240829s9999 xx 000 0 und d
040 |a BIBLIOTECA-RUSB/ 515 H288 
041 |a spa 
082 |a 515 H288 
100 1 |a Harmon, William Steven 
245 1 0 |a Test banks for Stewarts calculus Early transcendental sixth edition 
260 |a Boston  |b Thomson  |c 2008 
300 |a 630 p. :il. 
650 7 |a CALCULO 
650 7 |b  DERIVADAS MATEMATICAS 
650 7 |c  INTEGRALES 
650 7 |d  MODELOS DE EXAMENES DE CALCULO 
942 |c BK  |2 ddc 
991 |a TEXTO 
999 |c 1576